[Event "San Antonio de Obligado op"]
[Site "San Antonio de Obligado"]
[Date "2022.10.09"]
[Round "3"]
[White "Valles, Fernando"]
[Black "Silva, Lorenzo Alfonzo"]
[Result "0-1"]
[WhiteElo "1041"]
[BlackElo "1282"]
[PlyCount "70"]
[EventDate "2022.10.08"]
[EventType "swiss"]
[EventRounds "6"]
[EventCountry "ARG"]
[SourceTitle "CBM 210 Extra"]
[Source "ChessBase"]
[SourceDate "2022.11.30"]
[SourceVersion "1"]
[SourceVersionDate "2022.11.30"]
[SourceQuality "1"]

1. d4 d5 2. e3 Nf6 3. a4 e6 4. Nf3 Nc6 5. Ne5 Nxe5 6. dxe5 Nd7 7. Nc3 Bb4 8. Bb5 c6 9. Bd3 Bxc3+ 10. bxc3 Nxe5 11. 0-0 0-0 12. f4 Nd7 13. Qh5 Nf6 14. g4 Nxh5 15. gxh5 f5 16. Rf3 Rf6 17. Ba3 Rh6 18. Kf2 Rxh5 19. Rg1 Rxh2+ 20. Kf1 Qe7 21. Rfg3 Qf7 22. Rxg7+ Qxg7 23. Rxg7+ Kxg7 24. Bb2 Kf7 25. c4 dxc4 26. Bxc4 Rxc2 27. Ba3 Rxc4 28. Bd6 Bd7 29. Kf2 Rg8 30. Kf3 Rxa4 31. e4 fxe4+ 32. Ke3 Rg3+ 33. Ke2 Ra2+ 34. Kf1 Rb3 35. Ke1 Rb1# 0-1

[Event "Posadas qual"]
[Site "Posadas"]
[Date "2003.10.04"]
[Round "2"]
[White "Rueda, Romina"]
[Black "Valles, Fernando"]
[Result "1-0"]
[WhiteElo "1700"]
[BlackElo "1516"]
[PlyCount "39"]
[EventDate "2003.10.04"]
[EventType "swiss"]
[EventRounds "5"]
[EventCountry "ARG"]
[SourceTitle "EXT 2004"]
[Source "ChessBase"]
[SourceDate "2003.11.25"]
[SourceVersion "1"]
[SourceVersionDate "2003.11.25"]
[SourceQuality "1"]

1. d4 d5 2. Nf3 Nc6 3. Bf4 e5 4. Nxe5 Bb4+ 5. c3 Ba5 6. a4 Qf6 7. e3 Be6 8. Nxc6 bxc6 9. b4 Bb6 10. a5 0-0-0 11. axb6 axb6 12. Ba6+ Kd7 13. Bb7 Ne7 14. Ra7 Qg6 15. 0-0 h5 16. Bxc6+ Kxc6 17. Rxc7+ Kb5 18. Qe2+ Ka4 19. Ra7+ Kb3 20. Qa2# 1-0

[Event "Posadas Clasificacion"]
[Site "Posadas"]
[Date "2003.03.30"]
[Round "5"]
[White "Ortega, Martin"]
[Black "Valles, Fernando"]
[Result "1-0"]
[WhiteElo "1624"]
[BlackElo "1537"]
[PlyCount "51"]
[EventDate "2003.03.16"]
[EventType "swiss"]
[EventRounds "6"]
[EventCountry "ARG"]
[SourceTitle "EXT 2004"]
[Source "ChessBase"]
[SourceDate "2003.11.25"]
[SourceVersion "1"]
[SourceVersionDate "2003.11.25"]
[SourceQuality "1"]

1. e4 e5 2. Nc3 Nc6 3. Bb5 h6 4. Nf3 a6 5. Ba4 Qf6 6. Nd5 Qg6 7. Nh4 Qg5 8. g3 d6 9. Nxc7+ Kd8 10. Nxa8 b5 11. Bb3 Bb7 12. Nb6 Kc7 13. Nd5+ Kd7 14. d3 Nd4 15. Bxg5 hxg5 16. Nf3 g4 17. Ng5 Nf3+ 18. Nxf3 gxf3 19. Qxf3 a5 20. Qxf7+ Kc6 21. Qxf8 a4 22. Nb4+ Kc5 23. Bxg8 Kxb4 24. Qxd6+ Ka5 25. b4+ axb3 26. axb3# 1-0

[Event "Posadas Clasificacion"]
[Site "Posadas"]
[Date "2003.03.23"]
[Round "3"]
[White "Garcia, Cristian"]
[Black "Valles, Fernando"]
[Result "1-0"]
[WhiteElo "1712"]
[BlackElo "1537"]
[PlyCount "23"]
[EventDate "2003.03.16"]
[EventType "swiss"]
[EventRounds "6"]
[EventCountry "ARG"]
[SourceTitle "EXT 2004"]
[Source "ChessBase"]
[SourceDate "2003.11.25"]
[SourceVersion "1"]
[SourceVersionDate "2003.11.25"]
[SourceQuality "1"]

1. e4 e5 2. Nf3 d6 3. Bc4 Nf6 4. Ng5 Be7 5. Nxf7 Qd7 6. Nxh8 Nxe4 7. Qh5+ g6 8. Qxh7 Qf5 9. Qg8+ Kd7 10. 0-0 b6 11. Bf7 Bb7 12. Qe8# 1-0